Responses for Show #8651 - Monday, May 30, 2022

Ryan Long game 12.

Contestants

[<< previous game]

Steve Knapp, a middle school teacher from San Ramon, California

Mandy Walker, an account tech from Mount Juliet, Tennessee

Ryan Long, a rideshare driver from Philadelphia, Pennsylvania (whose 11-day cash winnings total $209,300)

[next game >>]

Jeopardy! Round responses

THE MIDWEST
PUNNY MYSTERY TITLES
IN THE SPORT'S HALL OF FAME
POTPOURRI
ON THE WALL
VERB + "ER" = NOUN
    $200 24
corn

Steve
    $200 5
Scoop

Ryan
    $200 19
boxing

Steve
    $200 4
an iPod

Mandy
    $200 12
a mirror

Ryan
    $200 28
a walker

Steve
    $400 21
Wisconsin

Ryan
    $400 6
a Kiln

Ryan
    $400 10
(Ryan: What is female [*]?)
[Mayim does not rule]
(Ryan: [*]?)

tennis

Ryan
    $400 1
MGM

Ryan
    $400 15
a dream catcher

Ryan
    $400 16
a booster

Ryan
    $600 20
Columbus

Triple Stumper
    $600 7
[Laughter]

Om

Ryan
    $600 11
(Mandy: Ooh, let's get away from sports.)
[Laughter]

basketball

Mandy
    $600 2
Utah

Mandy
    $600 26
a fresco

Ryan
    $600 17
a mixer

Mandy
    $1,000 22
(Ryan: No faith in myself.)
[Laughter]

Johnny Appleseed

Ryan
    $800 8
(Mandy: What is Creamed?)

Irish Stewed

Mandy
Triple Stumper
    $800 13
(Mayim: Those are both swimmers.)

swimming

Triple Stumper
    $800 3
Sudan

Steve
    $800 29
tapestries

Triple Stumper
    $800 18
a checker

Steve
    $1000 23
Cedar Rapids

Triple Stumper
    $1000 9
Pendulum

Triple Stumper
    $1000 14
baseball

Ryan
    $1000 25
(Steve: What is [**]?)
[Initially ruled incorrect; changed to correct after the break]

a chicken (grouse)

Steve
    $1000 30
a sconce

Mandy
    $1000 27
washer

Ryan

Scores at the first commercial break (after clue 15):

Ryan Mandy Steve
$3,600 $600 $800

Scores at the end of the Jeopardy! Round:

Ryan Mandy Steve
$7,000 $2,200 $3,200

Double Jeopardy! Round responses

FEMALE PRESIDENTS
STICK TO THE SCRIPTURE
18th CENTURY CULTURE CLUB
THE ANIMAL IN ITS LOGO
TV THEME SONGS
PORTMANTEAU WORDS
    $400 29
impeachment

Steve
    $400 30
Eve

Mandy
    $400 21
Korea

Ryan
    $400 2
a duck

Ryan
    $400 26
Hannah Montana

Mandy
    $400 12
(Mayim: Yes, you ran that category.)
[Applause]

smoke & haze

Ryan
    $800 15
Argentina

Mandy
    $800 1
trumpets

Ryan
    $800 13
rococo

Mandy
    $3,000 3
(Ryan: Uh, ooh, what is a... penguin?)

a kangaroo

Ryan
    $800 22
South Side

Triple Stumper
    $800 8
a heliport

Ryan
    $1200 16
Human Rights

Steve
    $1200 7
Lazarus

Ryan
    $1200 18
a minuet

Mandy
    $1200 4
a bat

Mandy
    $1200 23
Luther

Mandy
    $1200 9
napalm

Ryan
    $1600 17
(her U.S.) citizenship

Ryan
    $1600 14
Let my people go

Ryan
    $5,000 20
(Mayim: How much would you like to wager?)
(Mandy: Let's go "5".)
[Mandy's wager was credited as $5,000 with no further comment by Mayim aired.]
(Mandy: [Sighs] Hmm... Strauss. Who is Strauss?)

George Frideric Handel

Mandy
    $1600 5
a bull

Mandy
    $1600 25
(Mayim: Yes, [*] when they come for you, Steve?)
[Laughter]

whatcha gonna do

Steve
    $1600 10
cybernetic organism

Ryan
    $2000 28
Malta

Steve
    $2000 27
(Mandy: What are riverbeds?)

(dry) bones

Mandy
Triple Stumper
    $2000 19
Dresden

Triple Stumper
    $2000 6
a swan

Mandy
    $2000 24
(Ryan: Who are [*]?)
(Mayim: Yes, that's fun to say.)

The Who

Ryan
    $2000 11
retroactive continuity

Ryan

Scores at the end of the Double Jeopardy! Round:

Ryan Mandy Steve
$18,000 $4,800 $8,400
(lock game)

[wagering suggestions for these scores]

Final Jeopardy! Round responses

IN MEMORIAM 2022
(Mayim: [To Ryan] Fortunately, Phil Donahue is still with us... the first Black man to win a Best Actor Oscar.)
MandyWho is Lewis?
$4,800
SteveWho is John Lewis?
$2,000
RyanWho is Donahue?
$1,000
Sidney Poitier

Final scores:

Ryan Mandy Steve
$17,000 $0 $6,400
12-day champion: $226,300 3rd place: $1,000 2nd place: $2,000

Game dynamics:

Coryat scores:

Ryan Mandy Steve
$20,800 $9,800 $8,400
25 R
(including 1 DD),
1 W
(including 1 DD)
14 R,
3 W
(including 1 DD)
10 R,
0 W

Combined Coryat: $39,000

[game clues] [game scores] [suggest correction]

Game tape date: 2022-04-01
The J! Archive is created by fans, for fans. Scraping, republication, monetization, and malicious use prohibited; this site may use cookies and collect identifying information. See terms. The Jeopardy! game show and all elements thereof, including but not limited to copyright and trademark thereto, are the property of Jeopardy Productions, Inc. and are protected under law. This website is not affiliated with, sponsored by, or operated by Jeopardy Productions, Inc. Join the discussion at JBoard.tv.